Normal view MARC view
  • Neoliberalismo

Entry Materia

Number of records used in: 67

001 - NÚMERO DE CONTROL DEL REGISTRO

  • campo de control: 13747

003 - IDENTIFICADOR DE NUMERO DE CONTROL

  • campo de control: UPN

005 - FECHA Y HORA DE LA ÚLTIMA TRANSACCIÓN

  • campo de control: 20230310132127.0

008 - DATOS DE LONGITUD FIJA

  • campo de control de longitud fija: 230310n||acnnnbabn | ana |d

035 ## - NÚMERO DE CONTROL DEL SISTEMA

  • Número de control del sistema: UPN10000013755

040 ## - FUENTE DE LA CATALOGACIÓN

  • Agencia de transcripción: UPN
  • Lengua de catalogación: spa
  • Centro catalogador de origen: UPN

046 ## - FECHAS CON CODIFICACIÓN ESPECIAL

  • Fecha final para contenidos agregados: 2023

150 ## - ENCABEZAMIENTO - TEMÁTICO

  • Término de materia o nombre geográfico como elemento inicial: Neoliberalismo

670 ## - FUENTE EN LA QUE SE LOCALIZARON DATOS

  • Cita de la fuente: Autoridades UNAM, 10 marzo 2023:
  • Información localizada: (Neoliberalismo)

902 ## - CATALOGADOR

  • Catalogador: PN/270602